000 00260nam a2200121Ia 4500
100 _a#N/A
650 _aComputer/ IT
942 _cBK
654 _a5s
245 _aTraining Modules on Five S in Eng & Hindi Voice Support
260 _b#N/A
546 _aENGLISH
999 _c18524
_d18524